Normal view
MARC view
Entry Personal Name
001 - CONTROL NUMBER
- control field: 11776
003 - CONTROL NUMBER IDENTIFIER
- control field: OSt
005 - DATE AND TIME OF LATEST TRANSACTION
- control field: 20191003055918.0
008 - FIXED-LENGTH DATA ELEMENTS
- fixed length control field: 191003|| aca||aabn | a|a d
040 ## - CATALOGING SOURCE
- Original cataloging agency: OSt
- Transcribing agency: OSt
100 ## - HEADING--PERSONAL NAME
- Personal name: Zucman, Gabriel
670 ## - SOURCE DATA FOUND
- Source citation: Work cat.: (OSt): Piketty, Thomas 11774, Capital accumulation, private property, and rising inequality in China, 1978-2015
